| 000 | 00555nam a2200205 i 4500 | ||
|---|---|---|---|
| 001 | 33841 | ||
| 003 | ES-MaACL | ||
| 005 | 20250710062719.0 | ||
| 007 | t| | ||
| 008 | 030203s1966 fr ||||1| fre d | ||
| 100 | 1 |
_aBlachère, Régis. _929055 |
|
| 245 | 1 | 3 |
_aLe Coran / _cpar Régis Blachère. |
| 260 |
_aParís : _bPresses Universitaires de France, _c1966. |
||
| 300 |
_a126 p. ; _c18 cm. |
||
| 490 | 1 | _aQue sais-je? | |
| 630 | 0 | 4 |
_aCorán. _911361 |
| 830 | 0 | 0 |
_aQue sais-je? _9180931 |
| 852 |
_aES-MaACL _jE-8768 _bR.93220 |
||
| 999 |
_c33841 _d33841 |
||